| 000 | 00676cam a2200217 a 4500 | ||
|---|---|---|---|
| 001 | 13000307 | ||
| 005 | 20180227041647.0 | ||
| 008 | 021113s2004 njua 001 0 eng | ||
| 010 | _a 2002043171 | ||
| 020 | _a0130917516 | ||
| 040 |
_aDLC _cDLC _dDLC |
||
| 041 | _aeng | ||
| 080 | _a513.14 len | ||
| 082 | 0 | 0 |
_a513.14 len _221 |
| 100 | 1 | _a38 | |
| 101 | _amat | ||
| 245 | 1 | 0 |
_aBasic technical college mathematics / _cLen Mrachek, Charles Komschlies. |
| 906 |
_a7 _bcbc _corignew _d1 _eocip _f20 _gy-gencatlg |
||
| 942 |
_2ddc _cBK |
||
| 999 |
_c43559 _d43559 |
||